000 00660nam a2200229Ia 4500
003 OSt
005 20220918183753.0
006 a|||||r|||| 00| 0
007 ta
008 220917b |||||||| |||| 00| 0 eng d
024 _a40,778
037 _cTextual
040 _aARTS
_cARTS
_beng
041 _2eng
_aeng
082 _aO15:g(S:5), 111J9-;1 (EPS)
100 _aDe Sushil Kumar
245 0 _aAncient Indian erotics and erotic literature
260 _aCalcutta
_bFirma K. L. Mukhopadhyay
_c1959
650 _aENGLISH LITERATURE
942 _hO15:g(S:5), 111J9-;1 (EPS)
_cTEXL
_2CC
999 _c173757
_d173757